Microsoft Power BI Dashboards: (Record no. 175249)

MARC details
000 -LEADER
fixed length control field 00747nam a22002177a 4500
005 - DATE AND TIME OF LATEST TRANSACTION
control field 20200819142728.0
010 ## - LCCN (DPL NO)
LC control number ENG-128354
020 ## - INTERNATIONAL STANDARD BOOK NUMBER
Terms of availability 499.00
International Standard Book Number 9789353944933
035 ## - SYSTEM CONTROL NUMBER
System control number EN-111886
037 ## - SOURCE OF ACQUISITION
Source of stock number/acquisition DBAD/PUB
082 ## - DEWEY DECIMAL CLASSIFICATION NUMBER
Classification number 001.4226
100 ## - MAIN ENTRY--PERSONAL NAME
Personal name O' Connor, Errin
245 ## - TITLE STATEMENT
Title Microsoft Power BI Dashboards:
Statement of responsibility, etc by Errin O' Connor
Remainder of title Step by Step/
260 ## - PUBLICATION, DISTRIBUTION, ETC. (IMPRINT)
Place of publication, distribution, etc Noida
Name of publisher, distributor, etc Pearson India
Date of publication, distribution, etc 2019
270 ## - ADDRESS
Address 15th floor,Tower-B,Word Trade Tower,Plot no.1,Block-C sec 16,
City Noida
Postal code 201301
Telephone number 04466540100
Electronic mail address companysecretary.india@pearson.com
300 ## - PHYSICAL DESCRIPTION
Extent 296p.
Dimensions 23cm(pbk)
490 ## - SERIES STATEMENT
Series statement 1st edition
500 ## - GENERAL NOTE
General note Power BI business analysis dashboards
650 ## - SUBJECT ADDED ENTRY--TOPICAL TERM
Topical term or geographic name as entry element Business Analysis Dashboards
942 ## - ADDED ENTRY ELEMENTS (KOHA)
Source of classification or shelving scheme Dewey Decimal Classification
Item type English Books
Classification part 001.4226
Call number suffix CON
Holdings
Withdrawn status Lost status Not for loan Collection code Home library Current library Date acquired Source of acquisition Cost, normal purchase price Full call number Barcode Copy number Cost, replacement price Koha item type
      Non-fiction Ashok Vihar Ashok Vihar 19/08/2020 DBAD/PUB 499.00 001.4226 ERR EN-111886 1 499.00 English Books

© Delhi Public Library
Hit Counter
free hit counter